Skład Polonii Bytom 2025/26 - Statystyki

Ogólne statystyki
  • Ten quiz został rozwiązany 14 razy
  • Średni wynik to 10 z 22
Statystyki odpowiedzi
kraj pozycja zawodnik % Poprawnych
Polska Bramkarz Axel Holewiński
91%
Kolumbia Napastnik Jean Franco Sarmiento
82%
Polska Napastnik Kamil Wojtyra
82%
Polska Napastnik Jakub Arak
73%
Polska Pomocnik Tomasz Gajda
73%
Polska Obrońca Kacper Michalski
64%
Polska Pomocnik Konrad Andrzejczak
64%
Polska Pomocnik Grzegorz Szymusik
55%
Polska Bramkarz Klaudiusz Mazur
45%
Polska Pomocnik Lucjan Zieliński
45%
Polska Pomocnik Mikołaj Łabojko
45%
Polska Pomocnik Oliwier Kwiatkowski
45%
Polska Obrońca Oskar Krzyżak
45%
Hiszpania Obrońca Jordi Calavera
36%
Polska Pomocnik Krzysztof Wołkowicz
27%
Polska Pomocnik Patryk Stefański
27%
Polska Pomocnik Jakub Apoliniarski
18%
Polska Bramkarz Jakub Rybacki
18%
Ukraina Obrońca Ołeksandr Azacki
18%
Polska Obrońca Dawid Szwiec
9%
Polska Obrońca Dominik Konieczny
9%
Polska Pomocnik Nikodem Skupin
0%
Nie znaleziono quizów pasujących do podanych kryteriów
Rozkład punktacji
Procent ludzi z każdym wynikiem
Percentyl według liczby udzielonych odpowiedzi
Twoja historia wyników
Nie rozwiązałeś tego quizu